000 00488nam a2200169Ia 4500
005 20250424120239.0
008 250424s9999 xx 000 0 und d
022 _a13035002
050 _aQP 501 .H43/
245 0 _aHecettepe journal of biology and chemistry: official journal of faculty of science
260 _aAnkara
260 _bHecettepe University, Faculty of Science
260 _c2013
300 _a86 p. : ill. ; 28 cm.
650 _aBiochemie--Periodical.
942 _cSR
999 _c38228
_d38228